Electrical Electronics Measurements & Instrumentations / (Record no. 190574)
[ view plain ]
| 000 -LEADER | |
|---|---|
| fixed length control field | 01292 a2200169 4500 |
| 003 - CONTROL NUMBER IDENTIFIER | |
| control field | Nust |
| 005 - DATE AND TIME OF LATEST TRANSACTION | |
| control field | 20221123094013.0 |
| 040 ## - CATALOGING SOURCE | |
| Transcribing agency | Nust |
| 082 ## - DEWEY DECIMAL CLASSIFICATION NUMBER | |
| Classification number | 621.381043,SIN |
| 100 ## - MAIN ENTRY--PERSONAL NAME | |
| Personal name | Sinha Umesh |
| 9 (RLIN) | 102370 |
| 245 ## - TITLE STATEMENT | |
| Title | Electrical Electronics Measurements & Instrumentations / |
| Statement of responsibility, etc. | Umesh Sinha |
| 260 ## - PUBLICATION, DISTRIBUTION, ETC. | |
| Place of publication, distribution, etc. | New Dehle |
| Name of publisher, distributor, etc. | sumitra handa |
| Date of publication, distribution, etc. | 1997 |
| 300 ## - PHYSICAL DESCRIPTION | |
| Extent | viii,889p |
| 505 ## - FORMATTED CONTENTS NOTE | |
| Formatted contents note | Measurements and Measurement Systems (Page-1), Characteristics of Instruments and Measurements systems (Page-11), Errors in measurements (Page-27), System of Units of Measurements (Page-47), Standard for Measurements (Page-69), Circuits components (Page-82), Circuits for DC Measurements (Page-110), Circuits for A.C Measurements (Page-144), Galvanometers (Page-182), Analog Measuring Instruments (Page-215), Ammeter Voltmeter and Ohmmeter (Page-321), Magnetic Measurements (Page-270), Illumination (Page-302), High Voltage Measurements (Page-332), Instruments Transformers (Page-355), Electronic Instruments (Page-388), Frequency and Phase Measurements (Page-512), Transducers (Page-557), Instruments Amplifiers (Page-598) Display Devices (Page-691), Recorders (Page-750), Microprocessor Based Measurement (Page-816), Fiber Optic Measurements (Page-844). |
| 650 ## - SUBJECT ADDED ENTRY--TOPICAL TERM | |
| Topical term or geographic name entry element | Telecommunication Engineering |
| 942 ## - ADDED ENTRY ELEMENTS (KOHA) | |
| Source of classification or shelving scheme | |
| Koha item type | Book |
| Withdrawn status | Lost status | Source of classification or shelving scheme | Damaged status | Not for loan | Permanent Location | Current Location | Shelving location | Date acquired | Full call number | Barcode | Date last seen | Price effective from | Koha item type | Public note |
|---|---|---|---|---|---|---|---|---|---|---|---|---|---|---|
| Military College of Signals (MCS) | Military College of Signals (MCS) | General Stacks | 12/12/2016 | 621.381043,SIN | MCS26646 | 12/08/2016 | 12/12/2016 | Book | Almirah No.32, Shelf No.1 |
